| 000 | 01082cam a22002895a 4500 | ||
|---|---|---|---|
| 001 | STB005948 | ||
| 005 | 20140925161305.0 | ||
| 008 | 101004s2011 ohu 000 0 eng | ||
| 010 | _a2010938460 | ||
| 020 | _a9781111426026 | ||
| 040 |
_aDLC _cDLC _dDLC |
||
| 042 | _apcc | ||
| 050 |
_aQA 297 _b.Sch33 2012 |
||
| 100 | 1 | _aSchilling, Robert J. | |
| 245 | 0 |
_aIntroduction to digital signal processing using Matlab / _cRobert J. Schilling, Sandra L. Harris. |
|
| 250 | _a2nd Ed. | ||
| 260 |
_aMason, OH : _bCengage Learning, _cc2012. |
||
| 263 | _a1112. | ||
| 300 |
_axiv, 766 pages : _c25 cm. |
||
| 650 | _aMATLAB. | ||
| 650 |
_aSignal processing _xDigital techniques _xMathematics. |
||
| 700 | _aHarris, Sandra L. | ||
| 856 | 4 | 2 |
_3Contributor biographical information _uhttp://www.loc.gov/catdir/enhancements/fy1105/2010938460-b.html |
| 856 | 4 | 2 |
_3Publisher description _uhttp://www.loc.gov/catdir/enhancements/fy1105/2010938460-d.html |
| 856 | 4 | 1 |
_3Table of contents only _uhttp://www.loc.gov/catdir/enhancements/fy1105/2010938460-t.html |
| 942 |
_2lcc _cBK _kFOR |
||
| 999 |
_c275889 _d275889 |
||